Подробности
| 000 -МАРКЕР |
| контрольное поле |
01860nam0a22002891 4500 |
| 001 - ИДЕНТИФИКАТОР ЗАПИСИ |
| контрольное поле |
rc\3436034 |
| 005 - ИДЕНТИФИКАТОР ВЕРСИИ |
| контрольное поле |
20230905134406.0 |
| 021 ## - НОМЕР ГОСУДАРСТВЕННОЙ РЕГИСТРАЦИИ |
| Код страны |
Российская Федерация |
| Номер |
[71-70607] |
| 035 ## - ДРУГИЕ СИСТЕМНЫЕ НОМЕРА |
| Идентификатор записи |
(NLR Aleph) 007588105 |
| 100 ## - ДАННЫЕ ОБЩЕЙ ОБРАБОТКИ |
| Данные общей обработки |
20130115d1971 |||y0rusy50 ca |
| 101 0# - ЯЗЫК РЕСУРСА |
| Язык текста, звукозаписи и т.д. |
русский |
| 102 ## - СТРАНА ПУБЛИКАЦИИ ИЛИ ПРОИЗВОДСТВА |
| Страна публикации |
Российская Федерация |
| 105 ## - ПОЛЕ КОДИРОВАННЫХ ДАННЫХ: ТЕКСТОВЫЕ МАТЕРИАЛЫ, МОНОГРАФИЧЕСКИЕ |
| Кодированные данные о монографическом текстовом документе |
y z ||||| |
| 200 1# - ЗАГЛАВИЕ И СВЕДЕНИЯ ОБ ОТВЕТСТВЕННОСТИ |
| Основное заглавие |
Галогенные формации Украины и связанные с ними полезные ископаемые |
| Сведения, относящиеся к заглавию |
(Тезисы докл. симпозиума). Сент., 1971 |
| Первые сведения об ответственности |
[Ред. коллегия: ...В.И. Китык (отв. ред.) и др.] |
| Последующие сведения об ответственности |
АН УССР. Ин-т геологии и геохимии горючих ископаемых. Межвед. комис. по изучению солянокупольных областей и связ. с ними полезных ископаемых. М-во геологии УССР. Укр. науч.-исслед. геол.-развед. ин-т. Львов. геол. экспедиция треста "Киевгеология". М-во высш. и сред. спец. образования СССР. Львов. геол. о-во при Львов. гос. ун-те им. И. Франко |
| 210 ## - ПУБЛИКАЦИЯ, РАСПРОСТРАНЕНИЕ И ДР. |
| Место издания, распространения и т.д. |
Киев |
| Имя издателя, распространителя и т. д. |
Наукова думка |
| Дата издания, распространения и т.д. |
1971 |
| 215 ## - ФИЗИЧЕСКАЯ ХАРАКТЕРИСТИКА |
| Специфическое обозначение материала и объем |
258 с. |
| Размеры |
20 |
| 606 ## - НАИМЕНОВАНИЕ ТЕМЫ КАК ПРЕДМЕТ |
| Наименование темы |
Полезные ископаемые |
| Географический подзаголовок |
УССР |
| Формальный подзаголовок |
Тезисы докладов |
| Код системы |
psbo |
| 606 ## - НАИМЕНОВАНИЕ ТЕМЫ КАК ПРЕДМЕТ |
| Наименование темы |
Галогенные формации |
| Географический подзаголовок |
УССР |
| Формальный подзаголовок |
Тезисы докладов |
| Код системы |
psbo |
| 702 #1 - ИМЯ ЛИЦА - ВТОРИЧНАЯ ОТВЕТСТВЕННОСТЬ |
| Начальный элемент ввода |
Китык |
| Часть имени, кроме начального элемента ввода |
В. И. |
| Расширение инициалов личного имени |
Василий Иванович |
| Код отношения |
Редактор |
| 712 02 - НАИМЕНОВАНИЕ ОРГАНИЗАЦИИ - ВТОРИЧНАЯ ОТВЕТСТВЕННОСТЬ |
| Начальный элемент ввода |
Институт геологии и геохимии горючих ископаемых |
| Идентифицирующий признак |
Львов |
| Идентификатор авторитетной/нормативной записи |
RU\NLR\AUTH\8810004290 |
| Код отношения |
Прочие |
| 801 #0 - ИСТОЧНИК ЗАПИСИ |
| Страна |
Российская Федерация |
| Организация |
NLR |
| Правила каталогизации |
psbo |
| 801 #1 - ИСТОЧНИК ЗАПИСИ |
| Страна |
Российская Федерация |
| Организация |
ELAR |
| Источник данных |
rusmarc |
| 852 ## - МЕСТОНАХОЖДЕНИЕ И ШИФР ХРАНЕНИЯ |
| Идентификатор организации |
NLR |
| Шифр хранения (Call Number) |
71-3/6280 |
| 942 ## - ДОПОЛНИТЕЛЬНЫЕ ЭЛЕМЕНТЫ ЗАПИСИ (АБИС) |
| Тип экземпляра АБИС |
Книга |
| 980 ## - КОЛЛЕКЦИЯ |
| Название коллекции |
Национальная библиография |